000 01057cab a2200229 4500
001 ABS48235
008 090401t1993 xxu||||| |||| 00| 0 eng d
035 _a(Sirsi) u65601
041 _aeng
245 _aArchitects` insurance and liability
260 _c1993
350 _a0
490 _aArchitects` Journal
_v197(10) 10 March 1993, 19-29(10)
520 _aSeries of articles on professional indemnity insurance for architects including an architects insurance checklist which lays down the aspects of an architect`s work which can be insured. Articles cover how to react to a claim made against you, how to reduce the likelihood of a claim by being aware of your limitations and maintaining a good relationship with clients and how to get the best results from PII policies.
650 _aCLAIMS
650 _aBUILT ENVIRONMENT-BUILDING CONTRACT FORMS-CONSTRUCTION COLLATERAL WARRANTY FORMS
650 _aINSURANCE POLICIES
650 _aPROFESSIONAL INDEMNITY INSURANCE
690 _aINSURANCE
_96249
942 _n0
948 _c04/03/1997
999 _c40921
_d40921